00616nam a22001577a 4500020001500000040001600015082001300031100002500044245014900069260003500218300002500253650004600278942001300324999001900337952010200356 qHard Copy. cSINES-NUST. a004bFAW aAbeer Fawad.9113090 aNumerical Investigation of Sugarcane Bagasses as Potential Feedstock for Biohydrogen Production through Gasification in Pakistan /cFawad, Abeer aIslamabad:bSINES-NUST,c2023. a90. :bill. ;c35cm. xMS-Computational Science and Engineering. 2ddccTHE c594941d594941 00102ddc4070aRCMSbRCMScTHEd2023-06-08l0o004 FAWpRCMS003398r2023-06-08w2023-06-08yREF